|
|
|
|
| LEADER |
00000naa2a2200000 4500 |
| 001 |
195744 |
| 005 |
20231031182906.0 |
| 035 |
|
|
|a (RuTPU)RU\TPU\book\213558
|
| 035 |
|
|
|a RU\TPU\book\213557
|
| 090 |
|
|
|a 195744
|
| 100 |
|
|
|a 20110515d1968 k y0rusy50 ca
|
| 101 |
0 |
|
|a rus
|
| 102 |
|
|
|a RU
|
| 200 |
1 |
|
|a О системах моносахарид-хлористый натрий-вода
|f Н. В. Лебедев, А. А. Банникова
|
| 225 |
1 |
|
|a Производство кристаллической глюкозы
|
| 320 |
|
|
|a Библиогр.: с. 209 (1 назв.)
|
| 461 |
|
0 |
|0 (RuTPU)RU\TPU\book\213513
|t Сборник трудов Всесоюзного научно-исследовательского института гидролиза растительных материалов (ВНИИГидролиз)
|f Всесоюзный научно-исследовательский институт гидролиза растительных материалов (ВНИИГидролиз)
|d 1968-1989
|
| 463 |
|
0 |
|0 (RuTPU)RU\TPU\book\213514
|t Том 17
|f под ред. В. А. Ефимова
|v С. 206-209
|d 1968
|p 276 с.
|
| 700 |
|
1 |
|a Лебедев
|b Н. В.
|
| 701 |
|
1 |
|a Банникова
|b А. А.
|
| 801 |
|
1 |
|a RU
|b 63413507
|c 20110513
|
| 801 |
|
2 |
|a RU
|b 63413507
|c 20111012
|g RCR
|
| 942 |
|
|
|c BK
|